000 00634nam a22002177a 4500
001 49165
003 BD-RjUL
005 20211209054637.0
008 160818s1919 enka|||| |||| 001 0 eng d
035 _a(BD-RjUL)49284
040 _aBD-RjUL
_beng
_cBD-RjUL
_dBD-RjUL
041 _aeng
082 _223
_a541.3
_bMAC 1919
100 _aMaxted, Edward B.
_9147811
245 _aCatalytic Hydrogenation and Reduction /
_cEdward B. Maxted
260 _aLondon :
_bJ. & A. Churchill,
_c1919,
300 _aviii, 104 p. :
_bill ;
_c20 cm.
500 _aindex
650 _aMiscellaneous Topics
_vPhysical Chemistry
_9147812
942 _2ddc
_cBK
999 _c49165
_d49165